Estudio del efecto de los agroquímicos sobre la velocidad de degradación del material plástico mulch utilizado en la siembra del melón
Guardado en:
| Hovedforfatter: | |
|---|---|
| Format: | Bog |
| Udgivet: |
San José, C.R.
1997
|
| Fag: | |
| Tags: |
Tilføj Tag
Ingen Tags, Vær først til at tagge denne postø!
|
MARC
| LEADER | 00000nam a2200000Ia 4500 | ||
|---|---|---|---|
| 003 | 010144 | ||
| 005 | 20221231144224.0 | ||
| 008 | 140114s1997 cr a m 000 ||s d | ||
| 040 | |c cru CEDI | ||
| 090 | |a TFG 3798 | ||
| 100 | |a Prendas Quesada, Sara |9 9093 | ||
| 245 | |a Estudio del efecto de los agroquímicos sobre la velocidad de degradación del material plástico mulch utilizado en la siembra del melón | ||
| 260 | |c 1997 |a San José, C.R. | ||
| 300 | |a xi, 130 hojas : ilustraciones | ||
| 500 | |a Proyecto de graduación (licenciatura en ingeniería química)--Universidad de Costa Rica. Facultad de Ingeniería. Escuela de Ingeniería Química | ||
| 650 | |x PRODUCTOS QUIMICOS AGRICOLAS |x PLASTICOS EN AGRICULTURA |9 9094 | ||
| 942 | |c TFG | ||
| 999 | |c 18672 |d 18672 | ||
